A teacher's guide to standardized reading tests : (Record no. 22303)
[ view plain ]
| 000 -LEADER | |
|---|---|
| fixed length control field | 01117cam a2200313 a 4500 |
| 001 - CONTROL NUMBER | |
| control field | 3569312 |
| 005 - DATE AND TIME OF LATEST TRANSACTION | |
| control field | 20170123164739.0 |
| 008 - FIXED-LENGTH DATA ELEMENTS--GENERAL INFORMATION | |
| fixed length control field | 980721s1998 nhu b 001 0 eng |
| 010 ## - LIBRARY OF CONGRESS CONTROL NUMBER | |
| LC control number | 98172906 |
| 020 ## - INTERNATIONAL STANDARD BOOK NUMBER | |
| International Standard Book Number | 032500000X |
| 040 ## - CATALOGING SOURCE | |
| Original cataloging agency | DLC |
| Transcribing agency | DLC |
| Modifying agency | DLC |
| 043 ## - GEOGRAPHIC AREA CODE | |
| Geographic area code | n-us--- |
| 050 00 - LIBRARY OF CONGRESS CALL NUMBER | |
| Classification number | LB1573 |
| Item number | .C35 1998 |
| 100 1# - MAIN ENTRY--PERSONAL NAME | |
| Personal name | Calkins, Lucy, |
| Dates associated with a name | 1951- |
| 245 12 - TITLE STATEMENT | |
| Title | A teacher's guide to standardized reading tests : |
| Remainder of title | knowledge is power / |
| Statement of responsibility, etc. | Lucy Calkins, Kate Montgomery, Donna Santman ; with Beverly Falk. |
| 260 ## - PUBLICATION, DISTRIBUTION, ETC. (IMPRINT) | |
| Place of publication, distribution, etc. | Portsmouth, NH : |
| Name of publisher, distributor, etc. | Heinemann, |
| Date of publication, distribution, etc. | c1998. |
| 300 ## - PHYSICAL DESCRIPTION | |
| Extent | viii, 199 p. : |
| Dimensions | 24 cm. |
| 504 ## - BIBLIOGRAPHY, ETC. NOTE | |
| Bibliography, etc | Includes bibliographical references (p. 188-191) and index. |
| 650 #0 - SUBJECT ADDED ENTRY--TOPICAL TERM | |
| Topical term or geographic name as entry element | Reading (Elementary) |
| General subdivision | Ability testing |
| Geographic subdivision | United States. |
| 650 #0 - SUBJECT ADDED ENTRY--TOPICAL TERM | |
| Topical term or geographic name as entry element | Test-taking skills |
| Geographic subdivision | United States. |
| 700 1# - ADDED ENTRY--PERSONAL NAME | |
| Personal name | Montgomery, Kate. |
| 700 1# - ADDED ENTRY--PERSONAL NAME | |
| Personal name | Santman, Donna. |
| 700 1# - ADDED ENTRY--PERSONAL NAME | |
| Personal name | Falk, Beverly. |
| 942 ## - ADDED ENTRY ELEMENTS (KOHA) | |
| Source of classification or shelving scheme | |
| Koha item type | Hard Covered Materials |
| Classification part | LB1573 .C35 1998 |
| Withdrawn status | Lost status | Source of classification or shelving scheme | Damaged status | Not for loan | Home library | Current library | Shelving location | Date acquired | Source of acquisition | Total Checkouts | Full call number | Barcode | Date last seen | Price effective from | Koha item type |
|---|---|---|---|---|---|---|---|---|---|---|---|---|---|---|---|
| MACHAKOS UNIVERSITY LIBRARY | MACHAKOS UNIVERSITY LIBRARY | Technical section | 23/01/2017 | Donation(BFA) | LB1573 .C35 1998 | 31794 | 10/07/2018 | 23/01/2017 | Hard Covered Materials |